Insect pest management : (Record no. 19177)

000 -LEADER
fixed length control field 00496cam a22001694a 4500
020 ## - INTERNATIONAL STANDARD BOOK NUMBER
ISBN 1566704782
040 ## - CATALOGING SOURCE
Transcribing agency DLC
082 00 - DEWEY DECIMAL CLASSIFICATION NUMBER
Classification number 632 LEW 2000 C163 CO.
245 00 - TITLE STATEMENT
Title Insect pest management :
Remainder of title techniques for environmental protection /
260 ## - PUBLICATION, DISTRIBUTION, ETC. (IMPRINT)
Place of publication Boca Raton, Fla. :
Name of publisher Lewis Publishers,
Year of publication c2000.
300 ## - PHYSICAL DESCRIPTION
Number of Pages 392 p. :
Other physical details ill. ;
Dimensions 24 cm.
490 1# - SERIES STATEMENT
Series statement Agriculture and environment series
650 #0 - SUBJECT ADDED ENTRY--TOPICAL TERM
Topical Term Insect pests
700 1# - ADDED ENTRY--PERSONAL NAME
Personal name Rechcigl, Jack E.
700 1# - ADDED ENTRY--PERSONAL NAME
Personal name Rechcigl, Nancy A.
942 ## - ADDED ENTRY ELEMENTS (KOHA)
Koha item type សៀវភៅភាសាអង់គ្លេស
952 ## - LOCATION AND ITEM INFORMATION (KOHA)
Withdrawn status [LOCAL, KOHA] 0
Holdings
Source of acquisition Permanent Location Date acquired Koha item type Lost status Shelving location Current Location Full call number
A35517Library Block C2020-05-11សៀវភៅភាសាអង់គ្លេស C163Library Block C632 LEW 2000 C163 CO.
មជ្ឈមណ្ឌលឯការនៃសាកលវិទ្យាល័យភូមិន្ទកសិកម្មចំការដូង

Powered by Koha